| 000 | 01424cam a2200373 i 4500 | ||
|---|---|---|---|
| 001 | data | ||
| 005 | 20260322212116.0 | ||
| 008 | data | ||
| 035 | _a19507647 | ||
| 906 |
_a7 _bcbc _ccopycat _d2 _encip _f20 _gy-gencatlg |
||
| 925 | 0 |
_aacquire _b1 shelf copy _xpolicy default |
|
| 010 | _a 2012418806 | ||
| 020 | _a9780545934909 | ||
| 020 | _a0545934907 | ||
| 035 | _a(OCoLC)957244403 | ||
| 040 |
_aIB1 _cIB1 _dDLC _erda _dDLC |
||
| 042 | _alccopycat | ||
| 050 | 0 | 0 |
_aPZ8.G882 _bGr 2016 |
| 100 | 1 |
_aGrimm, Jacob, _d1785-1863, _eauthor. |
|
| 245 | 1 | 0 |
_aGrimms' Fairy tales / _cJacob and Wilhelm Grimm. |
| 264 | 1 |
_aNew York, NY : _bScholastic Inc., _c[2016] |
|
| 300 |
_a191 pages ; _c20 cm |
||
| 336 |
_atext _btxt _2rdacontent |
||
| 337 |
_aunmediated _bn _2rdamedia |
||
| 338 |
_avolume _bnc _2rdacarrier |
||
| 520 | _aThe folk tales gathered by brothers Jacob and Wilhelm Grimm have been retold for every new generation of readers. Some of the best-loved stories, such as "Cinderella" and "Snow White and the Seven Dwarves" have become world-famous movies. In this collection, you'll discover the Grimms' most spellbinding tales. | ||
| 521 | 2 | _aGrades 5-7. | |
| 521 | 0 | _aGrade 6. | |
| 650 | 0 | _aFairy tales. | |
| 650 | 1 | _aFairy tales. | |
| 650 | 7 |
_aFairy tales. _2fast _0(OCoLC)fst00919916 |
|
| 700 | 1 |
_aGrimm, Wilhelm, _d1786-1859, _eauthor. |
|
| 999 |
_c1755 _d1755 |
||